The war between Peru and Chile, 1879-1882
Gespeichert in:
| 1. Verfasser: | |
|---|---|
| Format: | Buch |
| Sprache: | Englisch |
| Veröffentlicht: |
Londres
Sampson Low, Marston, Searle, & Rivington
1883
|
| Ausgabe: | 3a. ed |
| Schlagworte: | |
| Tags: |
Tag hinzufügen
Keine Tags, Fügen Sie den ersten Tag hinzu!
|
MARC
| LEADER | 00000nam a2200000 a 4500 | ||
|---|---|---|---|
| 001 | UCJ5233 | ||
| 003 | CL-VaPUC | ||
| 008 | 070124e18830000UK |||||||||||||||||eng|d | ||
| 082 | 0 | 4 | |a 983 |b MAR |2 21 |
| 100 | |a Markham, Clements Robert |e autor |9 306483 | ||
| 245 | 1 | 4 | |a The war between Peru and Chile, 1879-1882 |
| 250 | |a 3a. ed | ||
| 300 | |a viii, 306 p | ||
| 942 | |c BK | ||
| 945 | |d 20070124 00:00:00 |a rinostro | ||
| 260 | |a Londres |b Sampson Low, Marston, Searle, & Rivington |c 1883 | ||
| 500 | |a pp. 1 y 238, mapas del teatro de operaciones | ||
| 650 | 0 | |a Guerra del Pacífico |9 314886 | |
| 650 | 0 | |a Mapas |9 260844 | |
| 650 | 0 | |a Historia de Chile |9 265473 | |
| 651 | 7 | |a CHILE |2 CL-VaPUC |9 510155 | |
| 651 | 0 | |a Perú |9 256567 | |
| 583 | |a last modification |c 20070124 00:00:00 |k Rodrigo Vera | ||
| 999 | |c 321346 |d 321344 | ||
| 952 | |0 0 |1 0 |4 0 |6 983_000000000000000_MAR_1883 |7 0 |8 X |9 400061 |a FDOBUD |b FDOBUD |d 2019-11-22 |i 1031694 |o 983 MAR 1883 |p 1031694 |r 2019-11-22 |w 2019-11-22 |y BK_X |k BUD | ||